000 00813nam a22002537a 4500
001 BR9405874
003 BR-BrBNA
005 20230928094333.0
007 ta
008 230509b bl.||||| |||| 00| 0 por d
040 _aBR-BrBNA
_bpor
_cBiblioteca Nacional de Agricultura
041 _a(Por)
072 _aC10
090 _ C10 BR9405874
110 1 _aMinisterio da Agricultura, Rio de Janeiro, GB (Brasil)
_96904
245 1 _aProgramas de cultura geral dos cursos de iniciacao agricola, mestria agricola e agricolas tecnicas, de acordo com o Decreto no. 38042, de 10 de outubro de 1955
260 3 _aRio de Janeiro, GB (Brasil):
_c1956.
300 _a86 p.
650 _aEnsino Agricola
650 _aCurso
650 _aPrograma Educacional
909 _a202309
_bLucia
_c55
_dLucia Elande
942 _cBK
999 _c50144
_d50144